000 00540nam a2200181Ia 4500
005 20260601193247.0
008 260601s9999||||xx |||||||||||||| ||und||
020 _a978-3-031-64285-2
_qebk
100 _aRuss Harmer
245 0 _aGraph Transformation
250 _a2024
260 _aHeidelberg, Germany
_bSpringer Nature
_c2024
440 _aLecture Notes in Computer Science
650 _aComputer Science
700 _aJens Kosiol
856 _uhttps://link.springer.com/openurl?genre=book&isbn=978-3-031-64285-2
942 _cEB
_2ddc
999 _c56597
_d56597